Physiological characteristics and adaptability to lower frequency tapping system with stimulation of clone SCATC 8-79 at high exploitation stage (Record no. 64989)

MARC details
000 -LEADER
fixed length control field 00684nam a2200193Ia 4500
100 ## - MAIN ENTRY--AUTHOR NAME
Personal name Xinsheng Gao
245 #0 - TITLE STATEMENT
Title Physiological characteristics and adaptability to lower frequency tapping system with stimulation of clone SCATC 8-79 at high exploitation stage
260 ## - PUBLICATION, DISTRIBUTION, ETC. (IMPRINT)
Name of publisher IRRDB Natural Rubber Conference 2008, 13-15 October 2008, Kuala Lumpur, Malaysia: Abstract of papers
500 ## - GENERAL NOTE
General note Source Year: 2008
650 ## - SUBJECT ADDED ENTRY--TOPICAL TERM
Topical Term Physiological parameters
650 ## - SUBJECT ADDED ENTRY--TOPICAL TERM
Topical Term Stimulated tapping system
650 ## - SUBJECT ADDED ENTRY--TOPICAL TERM
Topical Term Yield
700 ## - ADDED ENTRY--PERSONAL NAME
Personal name Huasun Huang
700 ## - ADDED ENTRY--PERSONAL NAME
Personal name Weiguo Li
700 ## - ADDED ENTRY--PERSONAL NAME
Personal name Weisuan Zhang
856 ## - ELECTRONIC LOCATION AND ACCESS
Uniform Resource Identifier Abst only
942 ## - ADDED ENTRY ELEMENTS (KOHA)
Koha item type Journals
Holdings
Withdrawn status Lost status Damaged status Not for loan Home library Current library Shelving location Date acquired Koha item type
      Journals RRII Library RRII Library Plant physiology 30/01/2009 Journals